000 00175 a2200097 4500
001 47527
100 _a
245 _a
260 _aLondon
_bCollins
_c
090 _c30546
_d30546
942 _aNUST-CAE
_c
_c22832
999 _c282600
_d282600